Применение агонистов δ-опиоидных рецепторов для предупреждения реперфузионных повреждений сердца in vivo в эксперименте; Экспериментальная и клиническая фармакология; Т. 82, № 11

Detalles Bibliográficos
Parent link:Экспериментальная и клиническая фармакология
Т. 82, № 11.— 2019.— [С. 8-10]
Autor Corporativo: Национальный исследовательский Томский политехнический университет Физико-технический институт Лаборатория радиационного контроля № 31
Otros Autores: Крылатов А. В. Андрей Владимирович, Ваизова О. Е. Ольга Евгеньевна, Белоусов М. В. Михаил Валерьевич, Позднякова С. В. Светлана Васильевна, Нестеров Е. А. Евгений Александрович, Мадонов П. Г. Павел Геннадьевич
Sumario:Заглавие с экрана
У крыс, наркотизированных хлоралозой, осуществляли коронароокклюзию (45 мин), за 5 мин до реперфузии (120 мин) внутривенно вводили агонисты δ-опиоидных рецепторов: дельторфин II (150 нмоль/кг), p-Cl-Phe-DPDPE (150 и 1500 нмоль/кг), DPDPE (1500 нмоль/кг), BW 373 (230 и 2300 нмоль/кг). Оценивали соотношения площади зона инфаркта (ЗИ)/зона риска (ЗР). Установлено, что дельторфин II в дозе 150 нмоль/кг, Cl-DPDE в дозе 1500 нмоль/кг и BW373 в дозе 2300 нмоль/кг уменьшают индекс ЗИ/ЗР на 40 % по сравнению с контролем (p < 0,01). Дельторфин II оказывает защитное действие в дозе, в 10 раз меньшей, чем остальные вещества, что позволяет рассматривать его как прототип для создания лекарственного препарата для лечения острого инфаркта миокарда.
Режим доступа: по договору с организацией-держателем ресурса
Lenguaje:ruso
Publicado: 2019
Materias:
Acceso en línea:https://doi.org/10.30906/0869-2092-2019-82-11-8-10
Formato: Electrónico Capítulo de libro
KOHA link:https://koha.lib.tpu.ru/cgi-bin/koha/opac-detail.pl?biblionumber=662953

MARC

LEADER 00000naa0a2200000 4500
001 662953
005 20250417140109.0
035 |a (RuTPU)RU\TPU\network\34121 
035 |a RU\TPU\network\8837 
090 |a 662953 
100 |a 20210114d2019 k||y0rusy50 ca 
101 0 |a rus 
102 |a RU 
135 |a drnn ---uucaa 
181 0 |a i  
182 0 |a b 
200 1 |a Применение агонистов δ-опиоидных рецепторов для предупреждения реперфузионных повреждений сердца in vivo в эксперименте  |f А. В. Крылатов, О. Е. Ваизова, М. В. Белоусов [и др.] 
203 |a Текст  |c электронный 
300 |a Заглавие с экрана 
320 |a [Библиогр.: 8 назв.] 
330 |a У крыс, наркотизированных хлоралозой, осуществляли коронароокклюзию (45 мин), за 5 мин до реперфузии (120 мин) внутривенно вводили агонисты δ-опиоидных рецепторов: дельторфин II (150 нмоль/кг), p-Cl-Phe-DPDPE (150 и 1500 нмоль/кг), DPDPE (1500 нмоль/кг), BW 373 (230 и 2300 нмоль/кг). Оценивали соотношения площади зона инфаркта (ЗИ)/зона риска (ЗР). Установлено, что дельторфин II в дозе 150 нмоль/кг, Cl-DPDE в дозе 1500 нмоль/кг и BW373 в дозе 2300 нмоль/кг уменьшают индекс ЗИ/ЗР на 40 % по сравнению с контролем (p < 0,01). Дельторфин II оказывает защитное действие в дозе, в 10 раз меньшей, чем остальные вещества, что позволяет рассматривать его как прототип для создания лекарственного препарата для лечения острого инфаркта миокарда. 
333 |a Режим доступа: по договору с организацией-держателем ресурса 
461 |t Экспериментальная и клиническая фармакология 
463 |t Т. 82, № 11  |v [С. 8-10]  |d 2019 
610 1 |a электронный ресурс 
610 1 |a труды учёных ТПУ 
610 1 |a опиоиды 
610 1 |a ишемия 
610 1 |a реперфузия 
610 1 |a крысы 
701 1 |a Крылатов  |b А. В.  |g Андрей Владимирович 
701 1 |a Ваизова  |b О. Е.  |g Ольга Евгеньевна 
701 1 |a Белоусов  |b М. В.  |g Михаил Валерьевич 
701 1 |a Позднякова  |b С. В.  |g Светлана Васильевна 
701 1 |a Нестеров  |b Е. А.  |c физик, специалист в области атомной энергетики  |c научный сотрудник Томского политехнического университета  |f 1976-  |g Евгений Александрович  |3 (RuTPU)RU\TPU\pers\30198  |9 14592 
701 1 |a Мадонов  |b П. Г.  |g Павел Геннадьевич 
712 0 2 |a Национальный исследовательский Томский политехнический университет  |b Физико-технический институт  |b Лаборатория радиационного контроля № 31  |3 (RuTPU)RU\TPU\col\19161  |9 27383 
801 2 |a RU  |b 63413507  |c 20210114  |g RCR 
850 |a 63413507 
856 4 |u https://doi.org/10.30906/0869-2092-2019-82-11-8-10 
942 |c CF